|
|
|
|
| LEADER |
00000nab a2200000 a 4500 |
| 001 |
vtls001509902 |
| 003 |
SK-MaSNL |
| 005 |
20260305015011.0 |
| 008 |
250505s2001 xo 000 0 slo |
| 035 |
|
|
|a SPKCL12229
|
| 035 |
|
|
|a urn:nbn:sk:snk-ab1s6w
|
| 035 |
|
|
|a (urnnbn)urn:nbn:sk:snk:ar-a00b28
|
| 035 |
|
|
|a (uuid)34846104-b3e0-4e1b-aecc-560aca5263b1
|
| 040 |
|
|
|a SNKBUCL
|b slo
|c SNKBUCL
|e AACR2
|
| 041 |
0 |
|
|a slo
|
| 044 |
|
|
|a xo
|c SK
|
| 080 |
|
|
|a 364.044.66:616-08
|2 1981
|
| 100 |
1 |
|
|a Moravcová, Margita
|4 aut
|9 626686
|
| 245 |
1 |
0 |
|a Nie je klub ako klub
|c Margita Moravcová
|
| 520 |
|
|
|a Článok sa venuje svojpomocným skupinám, ktoré slúžia na liečenie a doliečenie ochorení. Spomínajú sa Kluby anonymných alkoholikov, Kardiokluby, Liga proti rakovine, združenia diabetikov a Svetová zdravotnícka organizácia (WHO). Na Slovensku je svojpomoc organizovaná v rôznych kluboch, na pôde Slovenského zväzu, Únie osôb s rôznym zdravotným postihnutím a Slovenskej humanitárnej rady.
|
| 610 |
2 |
7 |
|a Svetová zdravotnícka organizácia
|2 snkbucl
|9 15743
|
| 650 |
0 |
7 |
|a kluby
|2 snkbucl
|9 29689
|
| 650 |
0 |
7 |
|a kardiokluby
|2 snkbucl
|9 1593574
|
| 650 |
0 |
7 |
|a terapia
|2 snkbucl
|9 781
|
| 650 |
0 |
7 |
|a humanizmus
|2 snkbucl
|9 20277
|
| 650 |
0 |
7 |
|a choroby
|2 snkbucl
|9 837
|
| 650 |
0 |
7 |
|a svojpomocné skupiny
|2 snkbucl
|9 78925
|
| 773 |
0 |
|
|t Rodina a škola
|g Roč. 49, č. 5 (2001) s. 26
|
| 850 |
|
|
|a Slovenská národná knižnica
|
| 852 |
|
|
|a Slovenská národná knižnica
|
| 954 |
|
|
|a odborná, vedecká literatúra pôvodná (slovenská)
|2 lita
|
| 958 |
|
|
|a article27
|
| 958 |
|
|
|a OND
|
| 958 |
|
|
|a EUIPO
|
| 999 |
|
|
|c 3272521
|d 3274451
|